| 000 | 00575cam a22001571 4500 | ||
|---|---|---|---|
| 082 | 0 | 0 |
_a510.246213 _bGUI _cL-9, P-23 |
| 100 | 1 |
_aGuillemin, Ernst A. _939032 |
|
| 245 | 1 | 4 |
_aThe mathematics of circuit analysis; _bextensions to the mathematical training of electrical engineers. |
| 260 |
_aNew York, _bJ. Wiley _c[1949] |
||
| 300 |
_axiv, 590 p. _bdiagrs. _c24 cm. |
||
| 500 | _a"A publication of the Technology Press, Massachusetts Institute of Technology." | ||
| 526 |
_a0 _b0 _c0 _d510_246213000000000_GUI |
||
| 650 | 0 | _aMathematics. | |
| 650 | 0 |
_aMCE _9379 |
|
| 942 |
_2ddc _cBK |
||
| 999 |
_c543610 _d543610 |
||